Catálogo

Los pilares de la tierra / (Registro nro. 66344)

Detalles MARC
000 -LEADER
fixed length control field 00892nam a2200277 u 4500
001 - CONTROL NUMBER
control field 66344
005 - DATE AND TIME OF LATEST TRANSACTION
control field 20180714074051.0
008 - FIXED-LENGTH DATA ELEMENTS--GENERAL INFORMATION
fixed length control field 161013s2015 mx r 000 0 spa d
020 ## - INTERNATIONAL STANDARD BOOK NUMBER
International Standard Book Number 9786073129428
041 ## - LANGUAGE CODE
Language code of text/sound track or separate title spa
082 0# - DEWEY DECIMAL CLASSIFICATION NUMBER
Classification number 813
Item number FOL
100 1# - MAIN ENTRY--PERSONAL NAME
Personal name Follett, Ken,
Relator term autor
245 10 - TITLE STATEMENT
Title Los pilares de la tierra /
Statement of responsibility, etc. Ken Follett, traducción de Rosalía Vázquez.
250 ## - EDITION STATEMENT
Edition statement Tercera edición
264 #1 - PRODUCTION, PUBLICATION, DISTRIBUTION, MANUFACTURE, AND COPYRIGHT NOTICE
Place of production, publication, distribution, manufacture México :
Name of producer, publisher, distributor, manufacturer Penguin Random House Grupo Editorial,
Date of production, publication, distribution, manufacture, or copyright notice 2015
300 ## - PHYSICAL DESCRIPTION
Extent 1403 páginas :
Other physical details ilustraciones ;
Dimensions 19 cm.
336 ## - CONTENT TYPE
Content type term texto
Source rdacontent
337 ## - MEDIA TYPE
Media type term sin mediación
Source rdamedia
338 ## - CARRIER TYPE
Carrier type term volumen
Source rdacarrier
490 0# - SERIES STATEMENT
Series statement Biblioteca
650 #4 - SUBJECT ADDED ENTRY--TOPICAL TERM
Topical term or geographic name entry element Literatura medieval
650 #4 - SUBJECT ADDED ENTRY--TOPICAL TERM
Topical term or geographic name entry element Literatura norteamericana
Chronological subdivision Siglo XX
650 #4 - SUBJECT ADDED ENTRY--TOPICAL TERM
Topical term or geographic name entry element Novela norteamericana
700 1# - ADDED ENTRY--PERSONAL NAME
Personal name Vázquez, Rosalía,
Relator term traductor
740 0# - ADDED ENTRY--UNCONTROLLED RELATED/ANALYTICAL TITLE
Uncontrolled related/analytical title The pillars of the earth
Existencias
Withdrawn status Lost status Source of classification or shelving scheme Damaged status Not for loan Collection code Home library Current library Shelving location Date acquired Source of acquisition Inventory number Total Checkouts Total Renewals Full call number Barcode Date last seen Date last checked out Price effective from Koha item type
    Dewey Decimal Classification     General Biblioteca Karol Wojtyla Biblioteca Karol Wojtyla Sala general 13/10/2016 Compra 151000000000000000032282 8 2 813 FOL 2015 96620 05/01/2026 04/03/2025 15/11/2016 Libro